Effect of using chemical fertilizers in different rate on chinese kale at kbal koh vegetable research station; ឥទ្ធិពលនៃការប្រើប្រាស់កម្រិតជីគីមីខុសៗគ្នាលើដំណាំខាត់ណាដើមនៅស្ថានីយ៍ពិសោធន៍ពូជបន្លែក្បាលកោះ (Record no. 11572)
[ view plain ]
| 000 -LEADER | |
|---|---|
| fixed length control field | 00779nam a22001577a 4500 |
| 003 - CONTROL NUMBER IDENTIFIER | |
| control field | OSt |
| 005 - DATE AND TIME OF LATEST TRANSACTION | |
| control field | 20170803145445.0 |
| 008 - FIXED-LENGTH DATA ELEMENTS--GENERAL INFORMATION | |
| fixed length control field | 170803b xxu||||| |||| 00| 0 eng d |
| 040 ## - CATALOGING SOURCE | |
| Transcribing agency | RUA |
| 082 ## - DEWEY DECIMAL CLASSIFICATION NUMBER | |
| Classification number | AGR LY 2015 B566 Or.1 |
| 100 ## - MAIN ENTRY--PERSONAL NAME | |
| 9 (RLIN) | 11763 |
| Personal name | LY DARITH; លី ដារិទ្ធ |
| 245 ## - TITLE STATEMENT | |
| Title | Effect of using chemical fertilizers in different rate on chinese kale at kbal koh vegetable research station; ឥទ្ធិពលនៃការប្រើប្រាស់កម្រិតជីគីមីខុសៗគ្នាលើដំណាំខាត់ណាដើមនៅស្ថានីយ៍ពិសោធន៍ពូជបន្លែក្បាលកោះ |
| 260 ## - PUBLICATION, DISTRIBUTION, ETC. (IMPRINT) | |
| Place of publication, distribution, etc. | Phnom Penh |
| Name of publisher, distributor, etc. | RUA |
| Date of publication, distribution, etc. | 2015 |
| 300 ## - PHYSICAL DESCRIPTION | |
| Extent | xi; 38p; |
| Other physical details | ill; |
| Dimensions | 29cm; |
| 942 ## - ADDED ENTRY ELEMENTS (KOHA) | |
| Source of classification or shelving scheme | |
| Koha item type | AGR |
| Price effective from | Date last seen | Permanent Location | Not for loan | Date acquired | Source of classification or shelving scheme | Koha item type | Lost status | Withdrawn status | Date last checked out | Total Checkouts | Shelving location | Damaged status | Barcode | Current Location | Full call number |
|---|---|---|---|---|---|---|---|---|---|---|---|---|---|---|---|
| 2017-08-03 | 2017-08-03 | Library Block B | 2017-08-03 | AGR | B556 | A12221 | Library Block B | AGR LY 2015 B566 Or.1 | |||||||
| 2017-08-03 | 2019-11-29 | Library Block B | 2017-08-03 | AGR | 2019-11-16 | 6 | B556 | A13371 | Library Block B | AGR LY 2015 B566 Or.2 | |||||
| 2017-08-03 | 2017-08-03 | Library Block B | 2017-08-03 | AGR | B556 | A13168 | Library Block B | AGR LY 2015 B566 Or.3 | |||||||
| 2017-08-03 | 2017-08-03 | Library Block B | 2017-08-03 | AGR | B556 | A11365 | Library Block B | AGR LY 2015 B566 Or.4 | |||||||
| 2017-08-03 | 2017-08-03 | Library Block B | 2017-08-03 | AGR | B556 | A11160 | Library Block B | AGR LY 2015 B566 Or.5 | |||||||
| 2017-08-03 | 2017-08-03 | Library Block B | 2017-08-03 | AGR | B556 | A12271 | Library Block B | AGR LY 2015 B566 Or.6 | |||||||
| 2017-08-03 | 2023-11-06 | Library Block B | 2017-08-03 | AGR | 2023-11-03 | 3 | B556 | A12861 | Library Block B | AGR LY 2015 B566 Or.7 | |||||
| 2017-08-03 | 2019-05-29 | Library Block B | 2017-08-03 | AGR | 2019-05-28 | 1 | B556 | A12525 | Library Block B | AGR LY 2015 B566 Or.8 |